LEADER 01276nam a2200241 u 4500 001 000000115445 003 CaOOAMICUS 005 20090428145308.0 008 090428s2009 it u000 u ita r 020 $z978-88-13-29443-4* 040 $aPUL$bita$dLDB 245 03$aIl mutuo :$bil sistema delle tutele, aggiornato al codice del consumo ed al decreto Bersani /$ca cura di Giuseppe Cassano ; CD-ROM con Formulario e Giurisprudenza del testo. 260 $aPadova :$bCEDAM,$cc2009. 300 $axvi, 797 p. ;$c24 cm +$eCD-ROM 650 4$aMutuo.$0(OLS)http://pul/subject/27449 700 1 $aCassano, Giuseppe.$0(OLS)http://pul/name/35446 850 $aPUL 852 $aPUL$W1$xSL Diritto e Scienze Sociali 3$y79$m346. 4502 CASGI 2$j132213$qDDC 21$B131206$CPULBib$Z2$F131206 $H110152 $82 852 $aPUL$W1$xSL Diritto e Scienze Sociali 3$y79$m346. 4502 CASGI 2CD$j132214$aCD-ROM$qDDC 21$B131207$CPULBib$Z2$F131207 $H110153 $82 941 1 $a9 996 $6020$z978-88-13-29443-4*$9(OLS)http://pul/number/140490 996 $6245$aIl mutuo :$bil sistema delle tutele, aggiornato al codice del consumo ed al decreto Bersani$9(OLS)http://pul/title/145065 996 $6260$aPadova :$bCEDAM$9(OLS)http://pul/publisher/48126 LEADER 01516nam a2200301 a 4500 001 000000156248 003 CaOOAMICUS 005 20161115102343.0 008 161115s1961 it u000 u ger r 032 $aLibriCat 040 $aPUL$bita 100 1 $aSchneider, Bruno,$cO.Cist.$0(OLS)http://pul/name/99580 245 10$aCiteaux und die benediktinische Tradition :$bdie Quellenfrage des Liber usuum im Lichte der Consuetudines monasticae /$cBruno Schneider S.O. Cist. 260 $aRoma :$bEditiones Cistercienses,$c1961. 300 $a137 p. ;$c27 cm. 500 $aIn testa al front.: Pontificium Athenaeum Anselmianum. Facultas Theologica. 502 $aTesi -- Pontificii Athenaei Anselmiani. Facultate Theologica. 1961. 504 $aBibliografia in nota. 610 24$aBenedettini.$0(OLS)http://pul/subject/982 610 24$aCiteaux (abbazia cisterciense).$0(OLS)http://pul/subject/18980 710 2 $aPontificio ateneo S. Anselmo.$bFacoltą di teologia.$kTesi.$0(OLS)http://pul/name/82348 850 $aPUL 852 $aPUL$W1$xDP1 Tesi Pon. At. S. Anselmo$y29$mTH ANS 74$j179462$qTesi$B182631$CPULBib$Z2$F182631 $H21044 $81 941 1 $a16 960 $aOrdine dei Benedettini$9982 996 $6245$aCiteaux und die benediktinische Tradition :$bdie Quellenfrage des Liber usuum im Lichte der Consuetudines monasticae$9(OLS)http://pul/title/195870 996 $6260$aRoma :$bEditiones Cistercienses$9(OLS)http://pul/publisher/52508